00461nam a22001577a 4500003000400000082001800004100001700022245004500039260004400084300000700128650001700135653001700152942001200169952010500181999001700286SGT a617.643bS21J aJose, Floret aStudy of Prevalence and distribution.... aGurugram, HaryanabSGT Universityc2021 a90 aOrthodontics aOrthodontics 2ddccTH 00102ddc405171aFDbFDd2022-12-21l0o617.643 S21JpDT1361r2022-12-21 00:00:00w2022-12-21yTH c23582d23582